00418nam a2200169Ia 4500003000400000005001700004008004100021020001500062050002300077100001800100245005000118260003500168300002400203440000600227521000700233526000800240OSt20140311163113.0140130s9999 xx 000 0 und d a0439642876 aPZ 7b.H389Li 2004 aHenkes, Kevin aLilly's purple plastic purse /cKevin Henkes. bScholastic,c2004.aNew York : bcol. ill. ;c24 cm. v1 aG3 c540